000 00451nam a2200181Ia 4500
005 20240823010423.0
008 240823s9999||||xx |||||||||||||| ||und||
041 _aENGLISH
082 _A004.56 M8
100 _a"Carrabis,Joseeph-David"
245 0 _aHard Disk Management techniques for the IBM
250 _a1st
260 _c1988
_b"Howardm W.Sams,USA"
500 _aYES
650 _aDisk
_bComputer Science
942 _cBK
999 _c158570
_d158570